MALAYSIA : initial national communication

Bibliographic Details
Format: Book
Published: Kuala Lumpur : Ministry of Science, Technology and the Environment , 2000
Subjects:

MARC

LEADER 00000cam a2200000 7i4500
001 0000001841
005 20020214.0
090 0 0 |a 551.6   |b MAL 2000 
245 0 0 |a MALAYSIA :   |b initial national communication   |c submitted to the United Nations Framework Convention on Climate Change 
260 0 0 |a Kuala Lumpur :   |b Ministry of Science, Technology and the Environment ,   |c 2000 
300 |a xvi, 120 p. :   |b col. ill. ;   |c 26 cm. 
650 0 0 |a Climatic changes   |z Malaysia 
650 0 0 |a Greenhouse gases   |z Malaysia 
998 |a JPSM 
999 |a 0000002875   |b Monograph   |c Open Shelf   |e Default branch